000 00716nam a2200241Ia 4500
003 OSt
005 20221005042606.0
006 a|||||r|||| 00| 0
007 ta
008 221004b |||||||| |||| 00| 0 ben d
024 _a17853
037 _bGift, 26/05/2015,
_cTextual
040 _aCRL
_cCRL
_bben
041 _2ben
_aben
082 _aV44Q72:19438'M, 157M4
100 _aChakraborty Ratan Lal
_9154771
245 0 _aBangladesh Burma samparka 1785-1824
260 _aDhaka
_bDhaka University Bangla Desh
_c1984
300 _a242p.
_ccm.
650 _aHISTORY
942 _hV44Q72:19438'M, 157M4
_cTEXL
_2cc
999 _c950527
_d950527